000 00421nam a2200169 i 4500
001 bg
100 1 _aTYMOWSKI, Janusz
245 0 _aTechnologia budowy maszyn /
_cJanusz Tymowski.
250 _aWyd.2 popr.
260 _aWarszawa,
_c1973.
650 9 _aMaszyny
_xbudowa i konstrukcje
655 _aPodręczniki akademickie
040 _cBPK
041 _apol
942 _cKS
008 s pl f |000 0 pol
999 _c635
_d635
856 _uhttp://koha.tu.koszalin.pl/cgi-bin/koha/opac-detail.pl?biblionumber=635
_yKatalog online BPK